| Поле | Инд. | ПП | Название | Значение |
|---|---|---|---|---|
| Тип записи | a | |||
| Библиографический уровень | a | |||
| 001 | Контрольный номер | f2680ca8af6849b4a56ba1b1d9d16fc2 | ||
| 005 | Дата корректировки | 20170301120600.3 | ||
| 020 | a | ISBN | 5-02-010266-0 | |
| 040 | a | Служба первич. каталог. | НБ ТвГУ | |
| b | Код языка каталог. | rus | ||
| e | Правила каталог. | PSBO | ||
| 041 | 0_ | a | Код языка текста | rus |
| 097 | b | Оператор | novikova | |
| 100 | 1_ | a | Автор | Тимофеева Марина Алексеевна |
| q | Полное имя | Тимофеева М. А. | ||
| 245 | 10 | a | Заглавие | Проектная культура Швеции и идея «устойчивого развития» общества |
| 260 | a | Место издания | Москва | |
| b | Издательство | Наука | ||
| 504 | a | Библиография | Библиогр.: с. 101-102 (16 назв.) | |
| 520 | 0_ | a | Аннотация | В данной работе рассматривается проектная культура Швеции в аспекте концепции «устойчивого развития» общества. |
| 653 | 0_ | a | Ключевые слова | Проектная культура |
| a | Ключевые слова | Швеция, страна | ||
| a | Ключевые слова | Устойчивое развитие общества | ||
| a | Ключевые слова | Дизайн | ||
| a | Ключевые слова | Экопоселения | ||
| 773 | 18 | w | Контрольный № источника | RU/IS/BASE/318428191 |
| t | Название источника | Северная Европа | ||
| d | Место и дата издания | Москва : Наука, 2005 | ||
| g | Прочая информация | Вып. 5. - С. 87-102 | ||
| 901 | t | Тип документа | a | |
| 920 | a | Оператор | Нови |